1541 1032 1683 1418 1296 1785 1116 1500 1042 1876 1914 1178 1630 1428 1500 1386 2000 1068 1000 1133 1899 1675 1924 1892 1474 1270 1095 1016 1204 1524 1060 1746 1328 1743 1300 1626 1796 1214 1476 1684 1874 1338 1403 1694 1799 1312 1128 1919 1872 1785 1539 1371 1711 1052 1693 1137 1691 1535 1829 1702 1447 1486 1071 1031 1067 1114 1226 1940 1072 1124 1729 1330 1736 1514 1094 1192 1229 1117 1083 1243 1966 1757 1844 1129 1689 1680 1514 1838 1876 1815 1568 1512 1685 1098 1779 1920 1699 1937 1373 BCNSPRNW ULIB Ver.6.0+V

เปลี่ยนเป็นภาษาไทย

Change to English
 แสดงรายละเอียดบรรณานุกรม
  กลับหน้าหลัก

Brief Record : Get Marc (ISO 2709) : E-mail record : QR code < ปิดหน้าต่าง
LEADER : 00000nam 2200000uu 4500
001    13399112326
003     ULIB
008    110627s||||||||th 000 0 tha d
020    8858710304091
090    นว.^bก765ด มปป.
100 0  เกรีดา
245 00 ดอกเบี้ยแสนสวาท/^cเกรีดา
260    กรุงเทพฯ :^bมายเลิฟ,^cมปป.
300    415 หน้า
710 1  มายเลิฟ
945    ^p265^l0^i030389
995    ทศพร
999 ^a ใช้งานได้ทุกระบบ
รายการนี้ยังไม่มีแท็ก
คุณยังไม่ได้ล็อกอิน คุณสามารถมีกิจกรรมร่วมกับเว็บไซต์ได้ แต่ต้องล็อกอินก่อน ::
  ล็อกอิน

รายการสื่อสารสนเทศ

ลำดับที่ ประเภท เลขเรียก/บาร์โค้ด สถานที่ สถานะ
- ไม่พบข้อมูล -

BibComment


ยังไม่เคยถูกคอมเมนท์

คอมเมนท์ทรัพยากรรายการนี้
  คอมเมนท์: ดอกเบี้ยแสนสวาท เ..


 Copyright 2026. Bcnsprnw @Library